000 00308nam a2200109Ia 4500
005 20251222114357.0
008 251222s1900||||xx |||||||||||||| ||spa||
082 _aDVD0093/U61/2006
245 0 _aLa búsqueda del Padre en el cine contemporáneo
264 _bUniversidad Católica Sedes Sapientiae
942 _cDVD
999 _c1499
_d1499